000 00564nam a22002057a 4500
003 OSt
005 20260323100853.0
008 220812b |||||||| |||| 00| 0 eng d
020 _a81-7671-021-0
040 _cIFM Library
082 _a338.5
100 _aVarian, Hal . R
_99373
245 _aIntermediate Microeconomics: A Modern Approach
250 _a5th ed
260 _aEast-West Press:
_bNorton $ Company,
_c1999
300 _axxiv, 662p.: ill.; 22cm
500 _aIncludes index
650 _aIntermediate Microeconomics
_99374
942 _cBK
_2ddc
_n0
999 _c16326
_d16326